| Tag |
First Indicator |
Second Indicator |
Subfields |
| LEADER |
00000cgm a2200000Ia 4500 |
| 001 |
in00001570821 |
| 005 |
20191012063416.0 |
| 007 |
vf cbahou |
| 008 |
001115s1997 txu048 vleng d |
| 035 |
|
|
|a (OCoLC)ocm45355450
|
| 040 |
|
|
|a TXA
|c TXA
|d UtOrBLW
|
| 043 |
|
|
|a n-us-tx
|
| 049 |
|
|
|a TXAM
|
| 090 |
|
|
|a LD5309
|b .B89 1997
|
| 245 |
0 |
0 |
|a Bush School dedication :
|b September 10, 1997.
|
| 246 |
1 |
|
|a KAMU Bush School
|
| 246 |
1 |
|
|a George Bush School dedication
|h [videorecording]
|
| 264 |
|
1 |
|a [Place of publication not identified] :
|b [publisher not identified] ;
|c [1997]
|
| 300 |
|
|
|a 1 videocassette (48 min.) :
|b sound, color ;
|c 1/2 in.
|
| 336 |
|
|
|a two-dimensional moving image
|b tdi
|2 rdacontent
|
| 337 |
|
|
|a video
|b v
|2 rdamedia
|
| 338 |
|
|
|a videocassette
|b vf
|2 rdacarrier
|
| 538 |
|
|
|a VHS.
|
| 500 |
|
|
|a Title from cassette label.
|
| 518 |
|
|
|a Broadcast live by KAMU-TV on 9/10/97 at Texas A&M University, College Station, Texas.
|
| 520 |
|
|
|a Live coverage of the dedication ceremony of the George Bush School of Government and Public Service. Includes speeches by Chuck Herman, Don Powell, George W. Bush, and the former president George Bush, who speak about their hopes for the school, its promise as a fulfillment of the ideals of former president George Bush, and his presidency.
|
| 500 |
|
|
|a Videorecording.
|
| 610 |
1 |
0 |
|a Bush School of Government & Public Service.
|
| 600 |
1 |
0 |
|a Bush, George,
|d 1924-2018.
|
| 700 |
1 |
|
|a Bush, George,
|d 1924-2018.
|
| 700 |
1 |
|
|a Bush, George W.
|q (George Walker),
|d 1946-
|
| 710 |
2 |
|
|a KAMU-TV (Television station : College Station, Tex.)
|
| 994 |
|
|
|a E0
|b TXA
|
| 948 |
|
|
|a cataloged
|b h
|c 2000/11/15
|d o
|e jho
|f 9:16:38 am
|
| 999 |
|
|
|a MARS
|
| 999 |
f |
f |
|s 9bdf448b-9175-3388-9f70-9b9c2c0b8a0c
|i 977caa86-73d4-3714-9035-f92ad5227eb1
|t 0
|
| 952 |
f |
f |
|p ric
|a Texas A&M University
|b Rellis Campus
|c Joint Library Facility
|d Remote Storage
|t 0
|e LD5309 .B89 1997
|h Library of Congress classification
|i video -- videocassette
|m A14826912468
|
| 952 |
f |
f |
|p noncirc
|a Texas A&M University
|b College Station
|c Cushing Memorial Library & Archives
|d Cushing: Texas A&M (Does not check out)
|t 0
|e LD5309 .B89 1997
|h Library of Congress classification
|i video -- videocassette
|m A14826912426
|
| 998 |
f |
f |
|a LD5309 .B89 1997
|t 0
|l Cushing: Texas A&M (Does not check out)
|
| 998 |
f |
f |
|a LD5309 .B89 1997
|t 0
|l Remote Storage
|